Asteroids, comets, meteoric matter (Record no. 5472)

MARC details
000 -LEADER
fixed length control field 00655nam a2200217Ia 4500
003 - CONTROL NUMBER IDENTIFIER
control field IN-BaIIA
008 - FIXED-LENGTH DATA ELEMENTS--GENERAL INFORMATION
fixed length control field 211028s9999 xx 000 0 eng d
040 ## - CATALOGING SOURCE
Transcribing agency IIA Library
080 ## - UNIVERSAL DECIMAL CLASSIFICATION NUMBER
Universal Decimal Classification number 082.2:52
Item number IAU-C22
100 ## - MAIN ENTRY--PERSONAL NAME
Personal name Cristescu, Cornelia
9 (RLIN) 9506
245 #0 - TITLE STATEMENT
Title Asteroids, comets, meteoric matter
Statement of responsibility, etc. Cornelia Cristescu, W. J. Klepczynski and B. Milet
260 ## - PUBLICATION, DISTRIBUTION, ETC.
Place of publication, distribution, etc. New York
Name of publisher, distributor, etc. Scholium International
Date of publication, distribution, etc. 1974
300 ## - PHYSICAL DESCRIPTION
Extent [various pagings.]
650 ## - SUBJECT ADDED ENTRY--TOPICAL TERM
Topical term or geographic name entry element Asteroids
9 (RLIN) 4064
650 ## - SUBJECT ADDED ENTRY--TOPICAL TERM
Topical term or geographic name entry element Astronomy and astrophysics thesaurus
650 ## - SUBJECT ADDED ENTRY--TOPICAL TERM
Topical term or geographic name entry element Comets
9 (RLIN) 755
650 ## - SUBJECT ADDED ENTRY--TOPICAL TERM
Topical term or geographic name entry element Meteors
700 ## - ADDED ENTRY--PERSONAL NAME
Personal name Klepczynski, W. J.
9 (RLIN) 9507
700 ## - ADDED ENTRY--PERSONAL NAME
Personal name Milet, B. 
9 (RLIN) 9508
942 ## - ADDED ENTRY ELEMENTS (KOHA)
Koha item type Books
952 ## - LOCATION AND ITEM INFORMATION (KOHA)
-- 44
Holdings
Withdrawn status Lost status Damaged status Not for loan Home library Current library Shelving location Date acquired Total Checkouts Full call number Barcode Date last seen Price effective from Koha item type
        IIA Library-Bangalore IIA Library-Bangalore General Stacks 10/05/1977   082.2:52/ IAU-C22 6119 05/11/2021 10/05/1977 Books

Powered by Koha